000 01013nam a2200265Ia 4500
003 OSt
005 20220923211106.0
006 a|||||r|||| 00| 0
007 ta
008 220922b |||||||| |||| 00| 0 hin d
020 _a8179170993 (hbk)
_c725
024 _a285,021
037 _b28, 02/02/2015, P. K. Books
_cTextual
040 _aARTS
_cARTS
_bhin
041 _2hin
_ahin
082 _aT.2, 152Q3
100 _aशुक्ल, सुरेशचंद्र; कृष्ण कुमार
_9158117
245 0 _aशिक्षा का समाजशास्त्रीय संदर्भ
246 _aShikṣhā kā samājashāstrīya sandarbha
260 _aदिल्ली
_b ग्रंथ शिल्पी
_c2013
300 _a351पृ.
_ccm.
650 _aशिक्षण
_9156320
942 _hT.2, 152Q3
_cTEXL
_2CC
999 _c295111
_d295111